00609cam a22002291 4500001001300000003000400013005001700017008004100034010001700075035001900092040002500111042001200136043001200148050001900160100002900179245002600208260003900234300002200273500002000295651004700315999001700362sa 68014388 DLC20260227112631.0760402s1968 ii 001 0 eng  asa 68014388  a(OCoLC)2088093 aDLCcTxU-DadOOdDLC apremarc aa-ii---00aDS480.45b.D921 aDwarkadas, Kanji,d1892-10aTen years to freedom. aBombay,bPopular Prakashanc[1968] ax, 296 p.c23 cm. aIncludes index. 0aIndiaxPolitics and governmenty1919-1947. c85746d85746